Study on land use planning focusing on agricultural lard in karir commune, memot district, tbong khmum province, ការសិក្សាអំពីផែនការប្រើប្រាស់ដីធ្លី ដោយផ្ដោតលើដីកសិកម្ម ស្ថិតនៅឃុំគគីរ ស្រុកមេមត់ ខេត្តត្បូងឃ្មុំ (Record no. 25762)

000 -LEADER
fixed length control field 00672nam a22001217a 4500
040 ## - CATALOGING SOURCE
Transcribing agency RUA
082 ## - DEWEY DECIMAL CLASSIFICATION NUMBER
Classification number LMA VY 2025 B701 Or.1
100 ## - MAIN ENTRY--AUTHOR NAME
Personal name VY NARIM, វី ណារីម
245 ## - TITLE STATEMENT
Title Study on land use planning focusing on agricultural lard in karir commune, memot district, tbong khmum province, ការសិក្សាអំពីផែនការប្រើប្រាស់ដីធ្លី ដោយផ្ដោតលើដីកសិកម្ម ស្ថិតនៅឃុំគគីរ ស្រុកមេមត់ ខេត្តត្បូងឃ្មុំ
260 ## - PUBLICATION, DISTRIBUTION, ETC. (IMPRINT)
Place of publication PHNOM PENH
Name of publisher RUA
Year of publication 2025
300 ## - PHYSICAL DESCRIPTION
Number of Pages xi,51p.
Other physical details ill.
Dimensions 29cm.
942 ## - ADDED ENTRY ELEMENTS (KOHA)
Koha item type LMA
952 ## - LOCATION AND ITEM INFORMATION (KOHA)
Withdrawn status [LOCAL, KOHA] 0
952 ## - LOCATION AND ITEM INFORMATION (KOHA)
Withdrawn status [LOCAL, KOHA] 0
Holdings
Permanent Location Date acquired Koha item type Lost status Shelving location Barcode Current Location Full call number
Library Block B2026-05-15LMA B701B712377Library Block BLMA VY 2025 B701 Or.1
Library Block B2026-05-15LMA B701B712400Library Block BLMA VY 2025 B701 Or.2
មជ្ឈមណ្ឌលឯការនៃសាកលវិទ្យាល័យភូមិន្ទកសិកម្មចំការដូង

Powered by Koha